000 00728nam a22002057a 4500
999 _c15652
_d15652
003 AR-CdUCM
008 190429b ||||| |||| 00| 0 spa d
040 _aMUNICIPALIDAD PROVINCIAL DEL CUSCO
_cBIBLIOTECA MUNICIPAL DEL CUSCO
082 _a580.74 /
_bP66
110 _aSociedad protectora de la "Naturaleza".
_934789
245 _aJardín botánico de la flora nativa :
_bCatalogo /
260 _aCusco :
_bSociedad protectora de la "Naturaleza",
_c1988.
300 _a39 páginas ;
_c21 cm.
500 _aPublicado con el auspicio del Concytec..
505 _aContenido :Jardín botánico de la flora nativa ...
650 _aFlora.
_920658
650 _aFauna.
_925064
942 _2ddc
_cLIBROS
945 _arum1
_d2019-04-29